B.A Public Finance and International Economics/ (Record no. 174471)
[ view plain ]
| 000 -LEADER | |
|---|---|
| fixed length control field | 00710nam a22002417a 4500 |
| 005 - DATE AND TIME OF LATEST TRANSACTION | |
| control field | 20200618121928.0 |
| 010 ## - LCCN (DPL NO) | |
| LC control number | ENG-128208 |
| 020 ## - INTERNATIONAL STANDARD BOOK NUMBER | |
| Terms of availability | 170.00 |
| 035 ## - SYSTEM CONTROL NUMBER | |
| System control number | EN-111740 |
| 037 ## - SOURCE OF ACQUISITION | |
| Source of stock number/acquisition | DBAD/PUB |
| 082 ## - DEWEY DECIMAL CLASSIFICATION NUMBER | |
| Classification number | 170.00 |
| 100 ## - MAIN ENTRY--PERSONAL NAME | |
| Personal name | Goud,S.Limba |
| 245 ## - TITLE STATEMENT | |
| Title | B.A Public Finance and International Economics/ |
| Statement of responsibility, etc | by S.Limba Goud...[etall.];N.Vijaya |
| 260 ## - PUBLICATION, DISTRIBUTION, ETC. (IMPRINT) | |
| Place of publication, distribution, etc | Hyderabad |
| Name of publisher, distributor, etc | Telugu Akademi |
| Date of publication, distribution, etc | 2018 |
| 270 ## - ADDRESS | |
| Address | Telugu Akademi Himayatnagar Hyderabad |
| City | Hyderabad |
| Postal code | 500029 |
| Electronic mail address | info@teluguacademy.net |
| 300 ## - PHYSICAL DESCRIPTION | |
| Extent | 433p. |
| Dimensions | 23cm(pbk) |
| 700 ## - ADDED ENTRY--PERSONAL NAME | |
| Personal name | Rao,Babu |
| 700 ## - ADDED ENTRY--PERSONAL NAME | |
| Personal name | M.Erragatu Swamy |
| 700 ## - ADDED ENTRY--PERSONAL NAME | |
| Personal name | K.Padmalatha |
| 700 ## - ADDED ENTRY--PERSONAL NAME | |
| Personal name | M.Bhagyalaxmi |
| 700 ## - ADDED ENTRY--PERSONAL NAME | |
| Personal name | Vijaya,N |
| 942 ## - ADDED ENTRY ELEMENTS (KOHA) | |
| Source of classification or shelving scheme | Dewey Decimal Classification |
| Item type | English Books |
| Classification part | 836 |
| Withdrawn status | Lost status | Not for loan | Collection code | Home library | Current library | Date acquired | Source of acquisition | Cost, normal purchase price | Full call number | Barcode | Copy number | Cost, replacement price | Koha item type |
|---|---|---|---|---|---|---|---|---|---|---|---|---|---|
| Non-fiction | Bawana | Bawana | 18/06/2020 | DBAD/PUB | 170.00 | 836 | EN-111740 | 1 | 170.00 | English Books |
